[Event "40th Olympiad Open"]
[Site "Istanbul TUR"]
[Date "2012.08.28"]
[Round "1.3"]
[Board "3"]
[White "Cueto, Jonny"]
[Black "Sargissian, Gabriel"]
[Result "0-1"]
[WhiteTitle "IM"]
[BlackTitle "GM"]
[WhiteElo "2282"]
[BlackElo "2693"]
[WhiteTeam "Bolivia"]
[BlackTeam "Armenia"]
[WhiteFideId "3300145"]
[BlackFideId "13300881"]
[EventDate "2012.08.28"]

1. d4 Nf6 2. e3 e6 3. Bd3 b6 4. f4 Bb7 5. Nf3 c5 6. O-O Nc6 7. c3 g6 8. Na3 d5
9. Ne5 a6 10. Bd2 Be7 11. Qf3 O-O 12. Be1 b5 13. Nb1 Ne4 14. Nd2 f5 15. Qh3 Nxe5
16. fxe5 b4 17. cxb4 cxb4 18. Nxe4 dxe4 19. Bc4 Bd5 20. b3 Rc8 21. Bxa6 Rc2 22.
Rf2 Rxf2 23. Bxf2 Qa5 24. Be2 Bxb3 25. g4 Bd5 26. gxf5 exf5 27. Qf1 Rc8 28. Bd1
Qa3 29. Qb5 Rd8 30. Ba4 f4 31. exf4 e3 32. Be1 Qb2 0-1

[Event "40th Olympiad Open"]
[Site "Istanbul TUR"]
[Date "2012.08.28"]
[Round "1.5"]
[Board "1"]
[White "Khader, Sami"]
[Black "Kamsky, Gata"]
[Result "0-1"]
[WhiteTitle "IM"]
[BlackTitle "GM"]
[WhiteElo "2392"]
[BlackElo "2746"]
[WhiteTeam "Jordan"]
[BlackTeam "United States Of America"]
[WhiteFideId "8100500"]
[BlackFideId "2000024"]
[EventDate "2012.08.28"]

1. d4 d5 2. c4 c6 3. Nf3 Nf6 4. Nc3 a6 5. g3 Bf5 6. Bg2 e6 7. O-O Nbd7 8. Nh4
Bg6 9. Nxg6 hxg6 10. e4 dxc4 11. Qe2 b5 12. d5 Ne5 13. dxe6 fxe6 14. Bf4 Qb8 15.
Rad1 Bc5 16. Nd5 g5 17. Be3 Bxe3 18. Nxe3 g4 19. Rd2 Qc7 20. f4 gxf3 21. Bxf3
Ke7 22. Bg2 Rh6 23. Nd5+ exd5 24. exd5 Qb6+ 25. Kh1 Rxh2+ 26. Kxh2 Ng4+ 27. Qxg4
Nxg4+ 28. Kh3 Ne3 0-1

[Event "40th Olympiad Open"]
[Site "Istanbul TUR"]
[Date "2012.08.28"]
[Round "1.6"]
[Board "4"]
[White "Kayonde, Andrew"]
[Black "Li, Chao b"]
[Result "0-1"]
[BlackTitle "GM"]
[WhiteElo "2180"]
[BlackElo "2665"]
[WhiteTeam "Zambia"]
[BlackTeam "China"]
[WhiteFideId "8700281"]
[BlackFideId "8604436"]
[EventDate "2012.08.28"]

1. d4 Nf6 2. c4 g6 3. Nc3 d5 4. Nf3 Bg7 5. Bg5 Ne4 6. Bh4 Nxc3 7. bxc3 dxc4 8.
Qa4+ Qd7 9. Qxc4 b6 10. e3 Ba6 11. Qb3 Bxf1 12. Kxf1 O-O 13. Rc1 c5 14. d5 Na6
15. Ke2 c4 16. Qxc4 Nc5 17. h3 Rfc8 18. Nd4 b5 19. Nxb5 Rab8 20. Nd4 Rb2+ 21.
Kd1 e6 22. dxe6 Nxe6 23. Qa6 Nc5 24. Qa3 Nd3 25. c4 Nxf2+ 26. Bxf2 Rxf2 27. Qd3
Rxg2 28. c5 Qd5 29. Rf1 Rd8 30. Rc4 Rxa2 31. c6 Ra1+ 32. Kc2 Qg2+ 33. Kb3 Rb8+
34. Rb4 Qa2+ 0-1

[Event "40th Olympiad Open"]
[Site "Istanbul TUR"]
[Date "2012.08.28"]
[Round "1.7"]
[Board "4"]
[White "Mamedov, Rauf"]
[Black "Jeitz, Christian"]
[Result "1-0"]
[WhiteTitle "GM"]
[WhiteElo "2634"]
[BlackElo "2212"]
[WhiteTeam "Azerbaijan"]
[BlackTeam "Luxembourg"]
[WhiteFideId "13401653"]
[BlackFideId "4000803"]
[EventDate "2012.08.28"]

1. c4 g6 2. g3 Bg7 3. Bg2 c5 4. Nf3 Nc6 5. O-O Nf6 6. d4 cxd4 7. Nxd4 Qb6 8. Nb3
d6 9. Be3 Qc7 10. Nc3 Ng4 11. Bf4 Nge5 12. Rc1 O-O 13. Nd5 Qd8 14. Bg5 h6 15.
Bd2 Be6 16. Bc3 Rc8 17. e4 b6 18. f4 Nd7 19. Qd2 a5 20. Ne3 a4 21. Bxg7 Kxg7 22.
Nd4 Nxd4 23. Qxd4+ f6 24. f5 Bf7 25. fxg6 Bxg6 26. b4 axb3 27. axb3 Nc5 28. Nf5+
Bxf5 29. exf5 Kh7 30. Qe3 Rg8 31. Rce1 Rc7 32. Bd5 Rg5 33. Rf2 Rg7 34. Rf4 Qe8
35. Ra1 Nd7 36. Rh4 Rg5 37. Ra8 Nb8 38. Qxb6 Rc8 39. Qe3 Qd8 40. Rxh6+ Kxh6 41.
h4 Qf8 42. hxg5+ fxg5 43. Qe6+ 1-0

[Event "40th Olympiad Open"]
[Site "Istanbul TUR"]
[Date "2012.08.28"]
[Round "1.8"]
[Board "3"]
[White "Edouard, Romain"]
[Black "Makoto, Rodwell"]
[Result "1-0"]
[WhiteTitle "GM"]
[WhiteElo "2652"]
[BlackElo "2254"]
[WhiteTeam "France"]
[BlackTeam "Zimbabwe"]
[WhiteFideId "633429"]
[BlackFideId "11000120"]
[EventDate "2012.08.28"]

1. d4 Nf6 2. c4 g6 3. Nc3 d5 4. Qb3 dxc4 5. Qxc4 Bg7 6. e4 O-O 7. Be2 Nc6 8. Nf3
Bg4 9. d5 Bxf3 10. gxf3 Na5 11. Qd3 b6 12. e5 Nd7 13. f4 c5 14. h4 c4 15. Qh3
Re8 16. h5 Nf8 17. hxg6 fxg6 18. Bg4 e6 19. Bxe6+ Nxe6 20. dxe6 Qd3 21. Qxh7+
Kf8 22. Be3 Qf5 23. Rd1 Re7 24. Nd5 1-0

[Event "40th Olympiad Open"]
[Site "Istanbul TUR"]
[Date "2012.08.28"]
[Round "1.9"]
[Board "1"]
[White "Mok, Tze-Meng"]
[Black "Van Wely, Loek"]
[Result "1-0"]
[WhiteTitle "IM"]
[BlackTitle "GM"]
[WhiteElo "2354"]
[BlackElo "2691"]
[WhiteTeam "Malaysia"]
[BlackTeam "Netherlands"]
[WhiteFideId "5700329"]
[BlackFideId "1000268"]
[EventDate "2012.08.28"]

1. e4 c5 2. Nf3 e6 3. d4 cxd4 4. Nxd4 Nf6 5. Bd3 Nc6 6. Nxc6 bxc6 7. c4 e5 8.
O-O Bc5 9. Nd2 d6 10. Nb3 Nd7 11. Nxc5 Nxc5 12. Be3 O-O 13. f4 Qe7 14. f5 f6 15.
Bc2 a5 16. Qd2 Rd8 17. Rfd1 Bb7 18. Qf2 Nd7 19. Rd2 c5 20. Rad1 Nf8 21. g4 g5
22. h4 h6 23. hxg5 hxg5 24. Qh2 Bc6 25. Qh6 Rd7 26. Rh2 Qg7 27. Qh3 a4 28. Rhd2
Rad8 29. Kf2 Rb8 30. b3 axb3 31. axb3 Qe7 32. Rh1 Qg7 33. Rhd1 Rbd8 34. Kf3 Nh7
35. Rh1 Ra8 36. Rdh2 Ra2 37. Qf1 Nf8 38. Qb1 Ra8 39. Rh6 Kf7 40. R1h2 Ke8 41.
Rh8 Kd8 42. b4 cxb4 43. Qxb4 Ke7 44. Qb6 Rc8 45. c5 d5 46. exd5 Bxd5+ 47. Kg3
Bc6 48. Qa6 Bb7 49. Qa3 Bc6 50. Qa6 Bb7 51. Qc4 Bd5 52. Qb4 Bc6 53. Be4 Rb7 54.
Qa3 Qf7 55. Bxc6 Qb3 56. Qc1 Rxc6 57. Qd2 Rc8 58. R2h6 Rxc5 59. R6h7+ Nxh7 60.
Rxh7+ Ke8 61. Rxb7 Qxb7 62. Bxc5 Qe4 63. Be3 Ke7 64. Qc3 Kd7 65. Qb3 Qc6 66.
Qf7+ Kd8 67. Qe6 Qxe6 68. fxe6 Ke7 69. Kf3 Kxe6 70. Ke4 Kf7 71. Kf5 Ke7 72. Bb6
Kf7 73. Bd8 1-0

[Event "40th Olympiad Open"]
[Site "Istanbul TUR"]
[Date "2012.08.28"]
[Round "1.9"]
[Board "2"]
[White "Sokolov, Ivan"]
[Black "Lim, Yee-Weng"]
[Result "1-0"]
[WhiteTitle "GM"]
[BlackTitle "IM"]
[WhiteElo "2696"]
[BlackElo "2287"]
[WhiteTeam "Netherlands"]
[BlackTeam "Malaysia"]
[WhiteFideId "14400030"]
[BlackFideId "5700590"]
[EventDate "2012.08.28"]

1. d4 d5 2. Nf3 Nf6 3. c4 c6 4. Nc3 e6 5. g3 dxc4 6. Bg2 b5 7. Ne5 Nd5 8. O-O
Bb7 9. e4 Nxc3 10. bxc3 Nd7 11. Bf4 Be7 12. Qg4 g6 13. Bh6 Bf8 14. Bxf8 Rxf8 15.
Nf3 Qf6 16. a4 h5 17. Qh3 a6 18. Nd2 O-O-O 19. axb5 axb5 20. f4 Qe7 21. e5 Kc7
22. Ne4 Ra8 23. Rab1 Ra2 24. Nd6 Rfa8 25. Nxb7 Kxb7 26. Rxb5+ Kc7 27. Rb4 R8a4
28. Rxa4 Rxa4 29. g4 hxg4 30. Qxg4 Nb6 31. Qg5 Qd7 32. h4 Ra2 33. h5 gxh5 34. f5
Nd5 35. Bxd5 Qxd5 36. Qe7+ Qd7 37. Qf8 Qd8 38. Qxf7+ Kc8 39. Qxe6+ Qd7 40. Qxd7+
Kxd7 41. e6+ Ke8 42. f6 Re2 43. f7+ Kf8 44. Rf6 1-0

[Event "40th Olympiad Open"]
[Site "Istanbul TUR"]
[Date "2012.08.28"]
[Round "1.10"]
[Board "2"]
[White "Short, Nigel D"]
[Black "Simonet, Marc"]
[Result "1-0"]
[WhiteTitle "GM"]
[BlackTitle "FM"]
[WhiteElo "2698"]
[BlackElo "2291"]
[WhiteTeam "England"]
[BlackTeam "Andorra"]
[WhiteFideId "400025"]
[BlackFideId "6900127"]
[EventDate "2012.08.28"]

1. c4 e5 2. Nc3 Nc6 3. e3 Nf6 4. a3 g6 5. d4 Bg7 6. Be2 exd4 7. exd4 d5 8. cxd5
Nxd5 9. Nf3 h6 10. Qb3 Nce7 11. O-O O-O 12. Re1 c6 13. Bd2 Qb6 14. Bc4 Qxb3 15.
Bxb3 Be6 16. Ne4 Rad8 17. Nc5 Bc8 18. Ne5 Nf5 19. Bc3 Rfe8 20. Bxd5 cxd5 21. f3
g5 22. Kf2 f6 23. Ned3 Kf7 24. a4 b6 25. Nb3 a5 26. Nbc1 Rxe1 27. Nxe1 Bf8 28.
g4 Nd6 29. h3 h5 30. Ng2 hxg4 31. hxg4 Be6 32. Ne2 Nc4 33. b3 Na3 34. Ne3 Rc8
35. Ke1 Bd7 36. Kd2 b5 37. axb5 Bxb5 38. Nxd5 Re8 39. Ng3 a4 40. Nb4 Bd6 41. Ne4
Bf4+ 42. Kd1 Rh8 43. Rxa3 axb3 44. Be1 b2 45. Kc2 Rh2+ 46. Bf2 Rh1 47. Ra7+ 1-0

[Event "40th Olympiad Open"]
[Site "Istanbul TUR"]
[Date "2012.08.28"]
[Round "1.10"]
[Board "3"]
[White "Garcia, Raul"]
[Black "Howell, David W L"]
[Result "0-1"]
[WhiteTitle "FM"]
[BlackTitle "GM"]
[WhiteElo "2193"]
[BlackElo "2635"]
[WhiteTeam "Andorra"]
[BlackTeam "England"]
[WhiteFideId "6900020"]
[BlackFideId "410608"]
[EventDate "2012.08.28"]

1. d4 Nf6 2. Nf3 g6 3. c4 Bg7 4. Nc3 d5 5. e3 O-O 6. b4 b6 7. Qb3 e6 8. Bb2 c5
9. bxc5 bxc5 10. dxc5 Nc6 11. Qa3 Rb8 12. Nd1 Re8 13. Be2 e5 14. cxd5 Nxd5 15.
O-O e4 16. Nd4 Nxd4 17. exd4 Nf4 18. Bc4 Bg4 19. Ne3 Bh5 20. Rab1 Ne2+ 21. Bxe2
Bxe2 22. Rfe1 Bd3 23. Rbc1 Bxd4 24. Bxd4 Qxd4 25. Qc3 Red8 26. h3 Rbc8 27. Qa5
Rc6 28. Qxa7 Rdc8 29. Qa3 f5 30. Qb3+ Kg7 31. Qc3 Qxc3 32. Rxc3 Rxc5 33. Rxc5
Rxc5 34. Ra1 Kf6 35. f4 exf3 36. gxf3 Ke5 37. a4 Ba6 38. Ra2 Rc1+ 39. Kf2 f4 40.
Ng4+ Kf5 41. Rd2 Kg5 42. Kg2 Kh4 43. Nf2 Bf1+ 44. Kh2 Rc3 45. Rd7 h5 46. Rg7 g5
47. Kg1 Rc1 48. Kh2 Be2 49. Ne4 Bxf3 0-1

[Event "40th Olympiad Open"]
[Site "Istanbul TUR"]
[Date "2012.08.28"]
[Round "1.10"]
[Board "4"]
[White "Pert, Nicholas"]
[Black "Jose Queralto, Daniel"]
[Result "1-0"]
[WhiteTitle "GM"]
[WhiteElo "2555"]
[BlackElo "2133"]
[WhiteTeam "England"]
[BlackTeam "Andorra"]
[WhiteFideId "403989"]
[BlackFideId "6900089"]
[EventDate "2012.08.28"]

1. d4 d5 2. c4 dxc4 3. e3 e5 4. Bxc4 exd4 5. exd4 Nf6 6. Nf3 Be7 7. Nc3 O-O 8.
h3 Nbd7 9. O-O Nb6 10. Bd3 Nbd5 11. Re1 Re8 12. Bg5 Be6 13. Qd2 Rc8 14. Rad1 h6
15. Bh4 c5 16. Bb5 Rf8 17. Ba4 Qb6 18. Bb3 c4 19. Bc2 Bb4 20. Bb1 Bxc3 21. bxc3
Qa5 22. Rc1 Qa4 23. Ne5 b5 24. Bxf6 Nxf6 25. Re3 Rfe8 26. Rf3 Nd7 27. Re1 Nxe5
28. Rxe5 Bd7 29. Qf4 Qd1+ 30. Kh2 Qxb1 31. Qxf7+ Kh8 32. Qxd7 Red8 33. Qxa7 b4
34. Rg3 Rg8 35. cxb4 c3 36. Rc5 Ra8 37. Qf7 Qxb4 38. Rcxc3 Qxd4 39. Rc6 Raf8 40.
Qh5 Qe4 41. Rcg6 Rxf2 42. Qxh6+ 1-0

[Event "40th Olympiad Open"]
[Site "Istanbul TUR"]
[Date "2012.08.28"]
[Round "1.11"]
[Board "3"]
[White "Dineley, Richard"]
[Black "Gupta, Abhijeet"]
[Result "0-1"]
[BlackTitle "GM"]
[WhiteElo "2259"]
[BlackElo "2637"]
[WhiteTeam "Wales"]
[BlackTeam "India"]
[WhiteFideId "1800680"]
[BlackFideId "5010608"]
[EventDate "2012.08.28"]

1. e4 c5 2. Nf3 d6 3. d4 cxd4 4. Nxd4 Nf6 5. Nc3 Nc6 6. Bg5 e6 7. Qd2 a6 8.
O-O-O Bd7 9. f4 b5 10. Bxf6 gxf6 11. Kb1 Qb6 12. Nxc6 Bxc6 13. f5 b4 14. Ne2 e5
15. Ng3 h5 16. h4 Qc5 17. Qe2 Ke7 18. Nxh5 Bb5 19. Qg4 Bh6 20. Bd3 Bc6 21. Qe2
Qe3 22. Qf1 Bxe4 23. Rh3 Bxd3 24. Rxd3 Qc1+ 25. Qxc1 Bxc1 26. Kxc1 Rxh5 27. g4
Rh7 28. Rh1 Rc8 29. b3 Rg7 30. Rg1 Rh8 31. Rh3 d5 32. Kd2 Kd6 33. h5 e4 34. Rh4
Ke5 35. h6 Rgh7 36. Rgh1 Rc8 37. R1h3 Kf4 38. c3 a5 39. c4 dxc4 40. bxc4 Rxc4
41. Rh1 Rc3 42. g5+ Kxg5 43. Rh5+ Kf4 44. R1h4+ Ke5 45. Rg4 Rf3 46. Rhh4 Kxf5
47. Rxe4 Rxh6 48. Rxb4 Rxh4 49. Rxh4 Ra3 50. Ke2 Rxa2+ 51. Kf3 Ra3+ 52. Kf2 Ke5
53. Rh7 f5 54. Rxf7 Kf4 55. Rc7 Ra2+ 56. Kf1 a4 57. Rc3 a3 58. Rb3 Kg4 59. Rc3
f4 60. Rb3 f3 61. Rb8 Rb2 62. Rg8+ Kh5 0-1

[Event "40th Olympiad Open"]
[Site "Istanbul TUR"]
[Date "2012.08.28"]
[Round "1.11"]
[Board "4"]
[White "Gopal, G.N."]
[Black "Jones, Iolo C"]
[Result "1-0"]
[WhiteTitle "GM"]
[BlackTitle "CM"]
[WhiteElo "2550"]
[BlackElo "2243"]
[WhiteTeam "India"]
[BlackTeam "Wales"]
[WhiteFideId "5015693"]
[BlackFideId "1800094"]
[EventDate "2012.08.28"]

1. e4 e5 2. Nf3 Nf6 3. Nxe5 d6 4. Nf3 Nxe4 5. d4 d5 6. Bd3 Nc6 7. Nc3 f5 8. O-O
Be7 9. Ne2 O-O 10. c4 Bf6 11. cxd5 Qxd5 12. Be3 Kh8 13. Nf4 Qd6 14. Rc1 Ne7 15.
Re1 c6 16. Ne5 Bd7 17. Bc4 Ng5 18. Nh5 Nd5 19. Bxd5 Qxd5 20. Rc5 Qe6 21. Nxf6
gxf6 22. Bxg5 fxg5 23. d5 cxd5 24. Rxd5 Be8 25. Nd7 Bxd7 26. Rxe6 Bxe6 27. Rd6
Rae8 28. h3 a6 29. a4 g4 30. h4 f4 31. h5 Kg7 32. h6+ Kxh6 33. Qxg4 Rf6 34. Qf3
Re7 35. Rb6 Rd7 36. Rxe6 Rxe6 37. Qh3+ 1-0

[Event "40th Olympiad Open"]
[Site "Istanbul TUR"]
[Date "2012.08.28"]
[Round "1.13"]
[Board "4"]
[White "Bacallao Alonso, Yusnel"]
[Black "Iwasaki, Yudai"]
[Result "1-0"]
[WhiteTitle "IM"]
[BlackTitle "CM"]
[WhiteElo "2583"]
[BlackElo "2137"]
[WhiteTeam "Cuba"]
[BlackTeam "Japan"]
[WhiteFideId "3507416"]
[BlackFideId "7000626"]
[EventDate "2012.08.28"]

1. Nf3 Nf6 2. b3 g6 3. Bb2 Bg7 4. c4 O-O 5. Nc3 d6 6. d4 Nbd7 7. e3 e5 8. Be2
exd4 9. Nxd4 Nc5 10. O-O a5 11. a3 c6 12. b4 Nce4 13. Nb3 Nxc3 14. Bxc3 a4 15.
Nd2 Be6 16. Qc2 d5 17. c5 Qe7 18. Qb2 Ne8 19. Bd3 Bxc3 20. Qxc3 Qf6 21. Qxf6
Nxf6 22. Rfc1 Nd7 23. Nf3 f6 24. Nd4 Rfe8 25. b5 Ne5 26. Be2 Bd7 27. Rab1 Re7
28. bxc6 Bxc6 29. Rb4 Kf7 30. h3 Ra5 31. Nb5 Kg7 32. Nd6 Nc4 33. e4 Nd2 34. exd5
Bxd5 35. Bb5 Nb3 36. Rc3 Bc6 37. Bxc6 bxc6 38. Nb7 Ra6 39. Nd8 Re1+ 40. Kh2 Nd2
41. h4 Re4 42. Rb7+ Kg8 43. Rd3 Nb3 44. Rdd7 Rxh4+ 45. Kg3 Rd4 46. Rg7+ Kh8 47.
Rxh7+ Kg8 48. Rbg7+ 1-0

[Event "40th Olympiad Open"]
[Site "Istanbul TUR"]
[Date "2012.08.28"]
[Round "1.14"]
[Board "2"]
[White "Villegas, Pierre"]
[Black "Bartel, Mateusz"]
[Result "0-1"]
[BlackTitle "GM"]
[WhiteElo "2249"]
[BlackElo "2654"]
[WhiteTeam "Monaco"]
[BlackTeam "Poland"]
[WhiteFideId "654183"]
[BlackFideId "1112635"]
[EventDate "2012.08.28"]

1. d4 Nf6 2. c4 e6 3. Nc3 Bb4 4. Qc2 O-O 5. a3 Bxc3+ 6. Qxc3 Qe8 7. g3 d6 8. Bg2
a5 9. b3 Ra7 10. Nf3 a4 11. b4 b5 12. c5 Bb7 13. O-O Ne4 14. Qc2 f5 15. Bb2 Bd5
16. Ne1 Nf6 17. f3 Bb3 18. Qd2 e5 19. dxe5 dxe5 20. Nd3 Nc6 21. f4 e4 22. Ne5
Ra8 23. Nxc6 Qxc6 24. Bd4 Rad8 25. e3 Rf7 26. Rfc1 Qe6 27. c6 Bc4 28. Bf1 Bxf1
29. Kxf1 h5 30. h4 Rd5 31. Qe2 Ng4 32. Rc5 Rxc5 33. bxc5 Qb3 34. Qd2 Kh7 35. Qa2
Qd3+ 36. Qe2 Rf8 37. Qxd3 exd3 38. Ke1 Rb8 39. Rb1 Kg6 40. Kd2 Nf2 41. Rf1 Ne4+
42. Kxd3 Kf7 43. Kc2 Ke6 44. Be5 Nxc5 45. Bxc7 Rc8 46. Bb6 Rxc6 47. Bxc5 Rxc5+
48. Kd3 Kd5 49. Rb1 Kc6 50. Re1 Rc4 51. Rb1 Kb6 52. Re1 Kc5 53. Rb1 b4 54. axb4+
Kb5 55. Rd1 g6 56. Ra1 Rxb4 57. Kc3 Kc5 58. Kc2 Rc4+ 59. Kd3 Kb5 60. Rb1+ Rb4
61. Ra1 Rb3+ 62. Kd4 a3 63. Rc1 a2 64. Ra1 Ra3 65. Ke5 Kc4 0-1

[Event "40th Olympiad Open"]
[Site "Istanbul TUR"]
[Date "2012.08.28"]
[Round "1.14"]
[Board "3"]
[White "Socko, Bartosz"]
[Black "Gentilleau, Jean-Philippe"]
[Result "1-0"]
[WhiteTitle "GM"]
[BlackTitle "FM"]
[WhiteElo "2635"]
[BlackElo "2205"]
[WhiteTeam "Poland"]
[BlackTeam "Monaco"]
[WhiteFideId "1107038"]
[BlackFideId "5400074"]
[EventDate "2012.08.28"]

1. e4 e5 2. Nf3 Nf6 3. Nxe5 d6 4. Nf3 Nxe4 5. d4 d5 6. Bd3 Nc6 7. O-O Bg4 8. Re1
Be7 9. c3 Nf6 10. Qb3 Bc8 11. Ne5 O-O 12. Nd2 Bd6 13. Nxc6 bxc6 14. Nf3 h6 15.
c4 c5 16. dxc5 Bxc5 17. Bf4 Be6 18. Rad1 c6 19. Bb1 Qb6 20. Qc2 Rfd8 21. Be5 Ne4
22. Bd4 Rac8 23. Bxc5 Qxc5 24. Nd4 Re8 25. Nxe6 Rxe6 26. b4 Qf8 27. a3 Qe8 28.
Qc1 Nf6 29. Bf5 1-0

[Event "40th Olympiad Open"]
[Site "Istanbul TUR"]
[Date "2012.08.28"]
[Round "1.14"]
[Board "4"]
[White "Van Hoolandt, Patrick"]
[Black "Swiercz, Dariusz"]
[Result "0-1"]
[WhiteTitle "FM"]
[BlackTitle "GM"]
[WhiteElo "2171"]
[BlackElo "2594"]
[WhiteTeam "Monaco"]
[BlackTeam "Poland"]
[WhiteFideId "200999"]
[BlackFideId "1126881"]
[EventDate "2012.08.28"]

1. d4 Nf6 2. c4 g6 3. Nc3 d5 4. cxd5 Nxd5 5. Bd2 Bg7 6. e4 Nb6 7. Be3 O-O 8. Be2
Nc6 9. Nf3 Bg4 10. d5 Bxf3 11. gxf3 Na5 12. Bd4 Qd6 13. Rc1 Bxd4 14. Qxd4 e5 15.
Qe3 c6 16. dxc6 Nxc6 17. O-O Qb4 18. b3 Nd4 19. Rfd1 Rfd8 20. Bf1 Rac8 21. Rd3
Qe7 22. Rcd1 Qf6 23. Kh1 Kg7 24. Bh3 Rc6 25. Nb5 Nc2 26. Qe2 Rxd3 27. Qxd3 Nb4
28. Qe3 a6 29. Na7 Rc7 30. Bg2 Nc2 31. Qd2 Nd4 32. f4 Ne6 33. fxe5 Qxe5 34. Rf1
Nf4 35. Qe3 Nd7 36. Bf3 Rc3 37. Qd2 Rd3 0-1

[Event "40th Olympiad Open"]
[Site "Istanbul TUR"]
[Date "2012.08.28"]
[Round "1.15"]
[Board "1"]
[White "Njili, Kamel"]
[Black "Laznicka, Viktor"]
[Result "0-1"]
[WhiteTitle "FM"]
[BlackTitle "GM"]
[WhiteElo "2357"]
[BlackElo "2683"]
[WhiteTeam "Tunisia"]
[BlackTeam "Czech Republic"]
[WhiteFideId "5500869"]
[BlackFideId "316385"]
[EventDate "2012.08.28"]

1. e4 c6 2. d4 d5 3. e5 Bf5 4. Nf3 e6 5. Be2 Ne7 6. O-O Bg6 7. b3 c5 8. Ba3 cxd4
9. Nxd4 Nbc6 10. Nb5 Nc8 11. Bxf8 Rxf8 12. Nd4 N8e7 13. Bb5 Qb6 14. Nc3 O-O-O
15. Bxc6 Nxc6 16. Nxc6 Qxc6 17. Qd4 Kb8 18. Rac1 Rc8 19. Ne2 Qa6 20. Qd2 Qxa2
21. Nd4 Qb2 22. Rfe1 Rc5 23. Qb4 Qc3 24. Qxc3 Rxc3 25. Red1 Rfc8 26. Rd2 a6 27.
Kf1 Ka7 28. Ke1 b5 29. Re2 Kb6 30. Kd2 a5 31. Re3 Rxe3 32. Kxe3 Kc5 33. c3 Kb6
34. Kd2 a4 35. b4 a3 36. Ra1 Ra8 37. Kc1 Bd3 38. Nc2 a2 39. Kb2 Bxc2 40. Kxc2 d4
41. cxd4 Kc6 42. Kb3 Kd5 43. Kc3 g5 44. h3 h5 0-1

[Event "40th Olympiad Open"]
[Site "Istanbul TUR"]
[Date "2012.08.28"]
[Round "1.15"]
[Board "2"]
[White "Navara, David"]
[Black "Amdouni, Zoubaier"]
[Result "1-0"]
[WhiteTitle "GM"]
[WhiteElo "2691"]
[BlackElo "2305"]
[WhiteTeam "Czech Republic"]
[BlackTeam "Tunisia"]
[WhiteFideId "309095"]
[BlackFideId "5500419"]
[EventDate "2012.08.28"]

1. d4 Nf6 2. c4 e6 3. Nc3 d5 4. cxd5 exd5 5. Bg5 Be7 6. e3 c6 7. Bd3 O-O 8. Qc2
Nbd7 9. Nge2 Re8 10. O-O Nf8 11. f3 Nh5 12. Bxe7 Qxe7 13. e4 dxe4 14. fxe4 Qg5
15. e5 Be6 16. Ne4 Qe3+ 17. Kh1 Rad8 18. Rf3 Qh6 19. Raf1 Re7 20. Nd6 g6 21. Bc4
Rdd7 22. Qb3 Ng7 23. Nf4 Bg4 24. Nxf7 Rxf7 25. Bxf7+ Rxf7 26. Nh5 Nf5 27. Nf6+
Kg7 28. Nxg4 Qh4 29. Ne3 Qxd4 30. g4 1-0

[Event "40th Olympiad Open"]
[Site "Istanbul TUR"]
[Date "2012.08.28"]
[Round "1.15"]
[Board "3"]
[White "Zaibi, Amir"]
[Black "Hracek, Zbynek"]
[Result "1/2-1/2"]
[WhiteTitle "CM"]
[BlackTitle "GM"]
[WhiteElo "2214"]
[BlackElo "2619"]
[WhiteTeam "Tunisia"]
[BlackTeam "Czech Republic"]
[WhiteFideId "5500796"]
[BlackFideId "300071"]
[EventDate "2012.08.28"]

1. e4 e5 2. Nc3 Nf6 3. Bc4 Nc6 4. d3 Na5 5. Nge2 Be7 6. O-O d6 7. h3 O-O 8. Bg5
c6 9. a4 Nxc4 10. dxc4 Be6 11. Qd3 Qa5 12. b3 Rad8 13. Qf3 h6 14. Be3 d5 15.
cxd5 cxd5 16. exd5 Nxd5 17. Nxd5 Bxd5 18. Qg3 Rd6 19. Qxe5 Re6 20. Qc3 Bb4 21.
Qd4 Bc6 22. Rad1 Rfe8 23. Ng3 Bc3 24. Bd2 Bxd2 25. Qxd2 Qe5 26. Qd4 Qg5 27. Qd2
Qe5 28. Qd4 Qg5 29. Qd2 1/2-1/2

[Event "40th Olympiad Open"]
[Site "Istanbul TUR"]
[Date "2012.08.28"]
[Round "1.16"]
[Board "2"]
[White "Khairallah, Faisal"]
[Black "Salgado Lopez, Ivan"]
[Result "0-1"]
[WhiteTitle "FM"]
[BlackTitle "GM"]
[WhiteElo "2308"]
[BlackElo "2638"]
[WhiteTeam "Lebanon"]
[BlackTeam "Spain"]
[WhiteFideId "4628250"]
[BlackFideId "2257327"]
[EventDate "2012.08.28"]

1. c4 e5 2. Nc3 Nf6 3. Nf3 Nc6 4. g3 Bb4 5. Bg2 O-O 6. Nd5 Bc5 7. O-O d6 8. d3
h6 9. a3 a5 10. b3 Ba7 11. Nxf6+ Qxf6 12. Bb2 Re8 13. Bc3 Qe7 14. b4 Bb6 15. e3
Be6 16. Rb1 axb4 17. axb4 Ra3 18. Bb2 Ra7 19. Bc3 Rea8 20. c5 dxc5 21. b5 Nb4
22. Nxe5 Na2 23. Ba1 Rd8 24. Qh5 f6 25. Ng4 Qf7 26. Nxh6+ gxh6 27. Qxh6 Qg7 28.
Qf4 Kf7 29. h4 Nb4 30. d4 Nd3 31. Qe4 c4 32. h5 Qh6 33. g4 Rg8 34. d5 Bxg4 35.
d6 cxd6 36. Qxc4+ Be6 37. Qxd3 Qg5 38. Qe4 Bd5 0-1

[Event "40th Olympiad Open"]
[Site "Istanbul TUR"]
[Date "2012.08.28"]
[Round "1.16"]
[Board "3"]
[White "Illescas Cordoba, Miguel"]
[Black "El Jawich, Amro"]
[Result "1-0"]
[WhiteTitle "GM"]
[BlackTitle "FM"]
[WhiteElo "2601"]
[BlackElo "2166"]
[WhiteTeam "Spain"]
[BlackTeam "Lebanon"]
[WhiteFideId "2200015"]
[BlackFideId "5300380"]
[EventDate "2012.08.28"]

1. e4 c5 2. Nf3 d6 3. d4 cxd4 4. Nxd4 Nf6 5. Nc3 a6 6. h3 e6 7. g4 Be7 8. Bg2
Qc7 9. g5 Nfd7 10. h4 Nc6 11. h5 Nxd4 12. Qxd4 Ne5 13. f4 Qc4 14. Qxc4 Nxc4 15.
b3 Na5 16. Ba3 Bd7 17. O-O-O Rc8 18. Kb2 h6 19. gxh6 Bf6 20. Bb4 Nc6 21. Bxd6
Bxc3+ 22. Kxc3 gxh6 23. Kb2 Rg8 24. Rhg1 f6 25. e5 f5 26. Bxc6 1-0